[Event "GBR-ch 65+ 106th"]
[Site "Torquay"]
[Date "2019.08.01"]
[Round "4.7"]
[White "Anderton, David William"]
[Black "Pickersgill, Adrian"]
[Result "1/2-1/2"]
[WhiteElo "2088"]
[BlackElo "1948"]
[PlyCount "91"]
[EventDate "2019.07.29"]
[EventType "swiss"]
[EventRounds "7"]
[EventCountry "ENG"]
[SourceTitle "EXT 2021"]
[Source "ChessBase"]
[SourceDate "2020.10.23"]
[SourceVersion "1"]
[SourceVersionDate "2020.10.23"]
[SourceQuality "1"]

1. d4 d6 2. Nf3 Bg4 3. c4 Nd7 4. Nc3 e5 5. g3 c6 6. Bg2 Be7 7. 0-0 Ngf6 8. h3 Bh5 9. Nh4 0-0 10. Nf5 Bg6 11. Nxe7+ Qxe7 12. d5 c5 13. e4 Nb6 14. Qe2 Nfd7 15. g4 f6 16. Be3 h6 17. a3 a5 18. Rab1 Rfc8 19. Rfc1 Be8 20. f3 Qd8 21. Bf1 Rab8 22. Qd2 Nf8 23. Ne2 Nbd7 24. Ng3 Bg6 25. Bd3 b6 26. Kf2 Qe7 27. Rh1 Kf7 28. h4 Rc7 29. a4 Rbb7 30. Rbg1 Ke8 31. b3 Nb8 32. g5 h5 33. Nf5 Bxf5 34. exf5 Nfd7 35. Be4 Qf8 36. gxf6 Nxf6 37. Rg6 Rf7 38. Rhg1 Nbd7 39. Ke2 Qh8 40. Kd3 Nf8 41. R6g3 N8d7 42. Bg5 Kd8 43. Qg2 Kc8 44. Bxf6 Nxf6 45. Rg6 Rbd7 46. Qg3 1/2-1/2

[Event "GBR-ch 65+ 106th"]
[Site "Torquay"]
[Date "2019.07.31"]
[Round "3"]
[White "Blewitt, Stephen"]
[Black "Anderton, David William"]
[Result "1/2-1/2"]
[WhiteElo "1744"]
[BlackElo "2088"]
[PlyCount "51"]
[EventDate "2019.07.29"]
[EventType "swiss"]
[EventRounds "7"]
[EventCountry "ENG"]
[SourceTitle "EXT 2020"]
[Source "ChessBase"]
[SourceDate "2019.10.17"]
[SourceVersion "1"]
[SourceVersionDate "2019.10.17"]
[SourceQuality "1"]

1. b3 e5 2. e3 Nc6 3. Bb2 d6 4. d4 exd4 5. exd4 d5 6. Nf3 Nf6 7. Bb5 Bd7 8. 0-0 Be7 9. Nbd2 0-0 10. Re1 Bg4 11. Be2 Bd6 12. c4 Re8 13. a3 Bf4 14. b4 Bxd2 15. Nxd2 Bxe2 16. Rxe2 Rxe2 17. Qxe2 dxc4 18. Qxc4 Nd5 19. Nf3 Nce7 20. Re1 Qd6 21. Bc1 h6 22. Qe2 Ng6 23. Qb5 b6 24. Re8+ Rxe8 25. Qxe8+ Qf8 26. Qd7 1/2-1/2

[Event "ENG-ch Seniors 65"]
[Site "Solihull"]
[Date "2019.04.06"]
[Round "4"]
[White "Anderton, David William"]
[Black "De Coverly, Roger D"]
[Result "1/2-1/2"]
[WhiteElo "2070"]
[BlackElo "1953"]
[PlyCount "106"]
[EventDate "2019.04.04"]
[EventType "swiss"]
[EventRounds "6"]
[EventCountry "ENG"]
[SourceTitle "CBM 190 Extra"]
[Source "ChessBase"]
[SourceDate "2019.07.15"]
[SourceVersion "1"]
[SourceVersionDate "2019.07.15"]
[SourceQuality "1"]

1. d4 Nf6 2. c4 g6 3. g3 Bg7 4. Bg2 0-0 5. Nc3 d6 6. Nf3 Nbd7 7. 0-0 e5 8. e4 c6 9. h3 Re8 10. Re1 exd4 11. Nxd4 a5 12. Be3 Nc5 13. Qc2 a4 14. Rad1 Qa5 15. f3 Bd7 16. Bf1 Nh5 17. Kg2 Rad8 18. g4 Nf6 19. Bf4 Bc8 20. Bg3 h5 21. g5 Nh7 22. h4 a3 23. b3 Na6 24. Nde2 Bf8 25. Kh2 Nb4 26. Qd2 Qa7 27. Bg2 d5 28. cxd5 Bc5 29. Nf4 Bd6 30. Re2 Qa6 31. Nd3 cxd5 32. e5 Bf8 33. Bh3 Bxh3 34. Kxh3 Qe6+ 35. Kg2 d4 36. Ne4 Nd5 37. Rc1 b6 38. Kh2 Ne3 39. Bf2 Nf5 40. Ree1 Be7 41. f4 Rc8 42. Nf6+ Bxf6 43. exf6 Qd6 44. Rxe8+ Rxe8 45. Ne5 Nf8 46. Rc6 Qd5 47. Qc1 Rxe5 48. fxe5 Qxe5+ 49. Kg1 Ng3 50. Bxg3 Qxg3+ 51. Kf1 Qf3+ 52. Kg1 Qg3+ 53. Kf1 Qf3+ 1/2-1/2

[Event "ENG-ch Seniors 65"]
[Site "Solihull"]
[Date "2019.04.05"]
[Round "3"]
[White "Anderton, David William"]
[Black "Mildenhall, John"]
[Result "1-0"]
[WhiteElo "2070"]
[BlackElo "1933"]
[PlyCount "59"]
[EventDate "2019.04.04"]
[EventType "swiss"]
[EventRounds "6"]
[EventCountry "ENG"]
[SourceTitle "CBM 190 Extra"]
[Source "ChessBase"]
[SourceDate "2019.07.15"]
[SourceVersion "1"]
[SourceVersionDate "2019.07.15"]
[SourceQuality "1"]

1. d4 Nf6 2. c4 e6 3. Nc3 d5 4. cxd5 exd5 5. Bg5 Be7 6. Qc2 0-0 7. e3 h6 8. Bh4 c6 9. Bd3 Nbd7 10. Nge2 Re8 11. 0-0 Nf8 12. f3 Ne6 13. Rad1 Qa5 14. h3 b5 15. e4 b4 16. Na4 dxe4 17. fxe4 Ba6 18. Rf5 Bxd3 19. Rxd3 Qa6 20. e5 Nd5 21. Bxe7 Rxe7 22. Ng3 Ndf4 23. Rd2 g6 24. Nc5 Qxa2 25. Nxe6 Nxe6 26. Qxc6 Rd8 27. Rf6 Qd5 28. Qxd5 Rxd5 29. Ne4 Rxd4 30. Rxe6 1-0

[Event "BCF-ch Seniors 65"]
[Site "Llandudno"]
[Date "2017.08.02"]
[Round "4"]
[White "Jackson, Oliver A"]
[Black "Anderton, David William"]
[Result "1-0"]
[WhiteElo "2169"]
[BlackElo "2087"]
[PlyCount "81"]
[EventDate "2017.07.30"]
[EventType "swiss"]
[EventRounds "7"]
[EventCountry "WLS"]
[SourceTitle "CBM 179 Extra"]
[Source "ChessBase"]
[SourceDate "2017.08.23"]
[SourceVersion "1"]
[SourceVersionDate "2017.08.23"]
[SourceQuality "1"]

1. e4 e6 2. d4 d5 3. Nc3 Bb4 4. e5 c5 5. a3 Bxc3+ 6. bxc3 Qa5 7. Bd2 Qa4 8. Qg4 Kf8 9. Qd1 Nc6 10. Nf3 Nge7 11. Be3 c4 12. Be2 h6 13. h4 Ke8 14. g4 Kd8 15. h5 Kc7 16. Nh4 Bd7 17. f4 f5 18. exf6 gxf6 19. f5 exf5 20. Bf4+ Kb6 21. Ng6 Nxg6 22. hxg6 Rag8 23. Bf3 Qa5 24. Rb1+ Ka6 25. a4 Qxc3+ 26. Bd2 Qxd4 27. Rb5 Be6 28. gxf5 Qe5+ 29. Kf2 Qxf5 30. Qb1 b6 31. a5 Rb8 32. Rh5 Qxg6 33. Rhxd5 Rhd8 34. Rxd8 Nxd8 35. axb6 axb6 36. Be3 Qxc2+ 37. Qxc2 Kxb5 38. Qb2+ Ka5 39. Bd2+ Ka6 40. Qa3+ Kb5 41. Qb4+ 1-0

[Event "BCF-ch Seniors 65"]
[Site "Llandudno"]
[Date "2017.07.30"]
[Round "1"]
[White "Anderton, David William"]
[Black "Bielby, Paul R"]
[Result "1-0"]
[WhiteElo "2087"]
[BlackElo "1916"]
[PlyCount "79"]
[EventDate "2017.07.30"]
[EventType "swiss"]
[EventRounds "7"]
[EventCountry "WLS"]
[SourceTitle "CBM 179 Extra"]
[Source "ChessBase"]
[SourceDate "2017.08.23"]
[SourceVersion "1"]
[SourceVersionDate "2017.08.23"]
[SourceQuality "1"]

1. d4 d5 2. c4 e6 3. Nc3 Nf6 4. cxd5 exd5 5. Bg5 Be7 6. e3 0-0 7. Bd3 h6 8. Bf4 c6 9. h3 Nbd7 10. Nf3 Re8 11. 0-0 Nf8 12. Rb1 a5 13. a3 Ne6 14. Be5 b6 15. b4 axb4 16. axb4 Bb7 17. Qb3 b5 18. e4 dxe4 19. Bxe4 Nxe4 20. Nxe4 Qd7 21. Rfd1 Ra4 22. Nc5 Bxc5 23. dxc5 Qe7 24. Rd6 Raa8 25. Rbd1 Red8 26. Qc3 Rxd6 27. cxd6 Qd7 28. Bg3 f6 29. Nh4 Re8 30. Qb3 Qf7 31. Nf5 Nd8 32. Ne7+ Kh7 33. Qd3+ g6 34. h4 h5 35. Ra1 f5 36. Be5 Qe6 37. f4 Qf7 38. Ra7 Qe6 39. Qc3 Rf8 40. Nxc6 1-0

[Event "BCF-chT2 1617 (4NCL) Promotion pool"]
[Site "England"]
[Date "2017.04.30"]
[Round "10.45"]
[White "Anderton, David William"]
[Black "Kalavannan, Koby"]
[Result "1/2-1/2"]
[WhiteElo "2125"]
[BlackElo "2168"]
[PlyCount "105"]
[EventDate "2016.11.19"]
[EventType "team-tourn"]
[EventRounds "11"]
[EventCountry "ENG"]
[SourceTitle "EXT 2019"]
[Source "ChessBase"]
[SourceDate "2018.10.10"]
[SourceVersion "1"]
[SourceVersionDate "2018.10.10"]
[SourceQuality "1"]
[WhiteTeam "The ADS"]
[BlackTeam "Cambridge University"]
[WhiteTeamCountry "ENG"]
[BlackTeamCountry "ENG"]

1. d4 Nf6 2. c4 g6 3. g3 Bg7 4. Bg2 d6 5. Nc3 0-0 6. Nf3 Nc6 7. 0-0 e5 8. d5 Nb8 9. e4 a5 10. Ne1 Na6 11. Nd3 Nd7 12. Be3 f5 13. Qd2 b6 14. f4 Nac5 15. Nxc5 bxc5 16. Rae1 exf4 17. Bxf4 Ne5 18. b3 Bd7 19. a4 Ng4 20. h3 Bd4+ 21. Kh1 g5 22. Bxg5 Bxc3 23. Qxc3 Qxg5 24. hxg4 fxe4 25. Rxf8+ Rxf8 26. Rxe4 Bxg4 27. Kg1 Bf3 28. Re3 Bxg2 29. Kxg2 Qf5 30. Qe1 Qc2+ 31. Qe2 Qxe2+ 32. Rxe2 Kf7 33. Re3 Re8 34. Rf3+ Kg7 35. Kh3 Re4 36. Kg2 Re2+ 37. Kh3 Re8 38. Kg2 Kg6 39. Kf2 Re7 40. Kg2 Kg7 41. Kh3 Re2 42. Kg4 Re5 43. Kh3 Rh5+ 44. Kg2 Rh6 45. Re3 Kf7 46. Rf3+ Rf6 47. Re3 Kf8 48. Kh3 Rg6 49. Kg2 Rg7 50. Kh3 Re7 51. Rf3+ Kg7 52. Kg2 Re8 53. Kh3 1/2-1/2

[Event "BCF-ch Seniors 65"]
[Site "Bournemouth"]
[Date "2016.07.28"]
[Round "5"]
[White "Pickersgill, Adrian"]
[Black "Anderton, David William"]
[Result "1/2-1/2"]
[WhiteElo "2000"]
[BlackElo "2105"]
[PlyCount "67"]
[EventDate "2016.07.24"]
[EventType "swiss"]
[EventRounds "7"]
[EventCountry "ENG"]
[SourceTitle "CBM 173 Extra"]
[Source "ChessBase"]
[SourceDate "2016.08.29"]
[SourceVersion "1"]
[SourceVersionDate "2016.08.29"]
[SourceQuality "1"]

1. e4 e6 2. d4 d5 3. Nc3 Bb4 4. e5 c5 5. Bd2 Nh6 6. Bxh6 gxh6 7. a3 Ba5 8. dxc5 d4 9. b4 dxc3 10. bxa5 Qxa5 11. Qd6 Nd7 12. Ne2 Qxc5 13. Qxc5 Nxc5 14. Nxc3 Bd7 15. Bb5 a6 16. Bxd7+ Nxd7 17. f4 Nc5 18. 0-0-0 0-0 19. Rd4 Rac8 20. Kb2 f6 21. Re1 Rf7 22. exf6 Rxf6 23. g3 Rc6 24. Ne4 Nxe4 25. Rexe4 Rf7 26. Rc4 Rfc7 27. Rxc6 Rxc6 28. c3 Kf7 29. Re5 Kf6 30. Kc2 b5 31. Kb3 Rc4 32. Rh5 Kg6 33. Re5 Kf6 34. Rh5 1/2-1/2

[Event "BCF-ch Seniors 65"]
[Site "Bournemouth"]
[Date "2016.07.26"]
[Round "3"]
[White "Phillips, William"]
[Black "Anderton, David William"]
[Result "1/2-1/2"]
[WhiteElo "1852"]
[BlackElo "2105"]
[PlyCount "89"]
[EventDate "2016.07.24"]
[EventType "swiss"]
[EventRounds "7"]
[EventCountry "ENG"]
[SourceTitle "CBM 173 Extra"]
[Source "ChessBase"]
[SourceDate "2016.08.29"]
[SourceVersion "1"]
[SourceVersionDate "2016.08.29"]
[SourceQuality "1"]

1. d4 f5 2. Nf3 Nf6 3. g3 g6 4. Bg2 Bg7 5. 0-0 0-0 6. c4 d6 7. Nc3 c6 8. d5 e5 9. dxe6 Bxe6 10. Qd3 Qe7 11. Ng5 Na6 12. b3 Rad8 13. Ba3 Bc8 14. Rad1 Nc5 15. Qc2 h6 16. Nf3 g5 17. b4 Nce4 18. Bb2 Rfe8 19. e3 Qf7 20. Nxe4 fxe4 21. Nd4 Qh5 22. f3 d5 23. fxe4 Ng4 24. Bf3 dxe4 25. Bxg4 Bxg4 26. Rd2 Qg6 27. Rdf2 Bh3 28. Re1 Rf8 29. Ree2 h5 30. Rxf8+ Rxf8 31. Rf2 h4 32. Rxf8+ Bxf8 33. c5 Qf7 34. Qb3 hxg3 35. hxg3 Bg7 36. Qxf7+ Kxf7 37. a4 Bg4 38. b5 Bd1 39. bxc6 bxc6 40. a5 Ba4 41. Ba3 Bxd4 42. exd4 Ke6 43. Kf2 Kf5 44. Bc1 Bb3 45. Be3 1/2-1/2

[Event "BCF-chT2b 1516 (4NCL)"]
[Site "England"]
[Date "2016.01.23"]
[Round "3.1"]
[White "Starley, Robert"]
[Black "Anderton, David William"]
[Result "1/2-1/2"]
[WhiteElo "2012"]
[BlackElo "2162"]
[PlyCount "50"]
[EventDate "2015.11.14"]
[EventType "team-tourn"]
[EventRounds "7"]
[EventCountry "ENG"]
[SourceTitle "CBM 170 Extra"]
[Source "ChessBase"]
[SourceDate "2016.02.25"]
[SourceVersion "1"]
[SourceVersionDate "2016.02.25"]
[SourceQuality "1"]
[WhiteTeam "Cambridge II"]
[BlackTeam "The ADS"]
[WhiteTeamCountry "ENG"]
[BlackTeamCountry "ENG"]

1. e4 e6 2. d4 d5 3. Nc3 Bb4 4. e5 c5 5. a3 Bxc3+ 6. bxc3 Qa5 7. Bd2 Qa4 8. Qb1 c4 9. Nf3 Nc6 10. Be2 f6 11. exf6 Nxf6 12. 0-0 0-0 13. Qb2 Ne4 14. Rfd1 Qa5 15. Be1 Qc7 16. Rdb1 b6 17. Nd2 Nxd2 18. Bxd2 Qf7 19. Be3 Bd7 20. Qc1 Rae8 21. Qd2 Kh8 22. f4 Ne7 23. g3 Nf5 24. Re1 Nd6 25. Bf3 Qf5 1/2-1/2

[Event "BCF-ch Seniors 65"]
[Site "Coventry"]
[Date "2015.07.31"]
[Round "5"]
[White "Habershon, Paul F"]
[Black "Anderton, David William"]
[Result "1/2-1/2"]
[WhiteElo "2099"]
[BlackElo "2105"]
[PlyCount "108"]
[EventDate "2015.07.27"]
[EventType "swiss"]
[EventRounds "6"]
[EventCountry "ENG"]
[SourceTitle "CBM 167 Extra"]
[Source "ChessBase"]
[SourceDate "2015.09.14"]
[SourceVersion "1"]
[SourceVersionDate "2015.09.14"]
[SourceQuality "1"]

1. e4 e6 2. d3 d5 3. Nd2 c5 4. Ngf3 Nc6 5. g3 b6 6. Bg2 dxe4 7. dxe4 Ba6 8. c4 Qc7 9. 0-0 0-0-0 10. Qa4 Bb7 11. Re1 h6 12. a3 Nf6 13. b4 cxb4 14. e5 Nd7 15. Ne4 Nc5 16. Nxc5 Bxc5 17. axb4 Bxb4 18. Re2 Rd3 19. Be3 Rhd8 20. Ne1 Bxe1 21. Rexe1 Nd4 22. Bxb7+ Qxb7 23. Bxd4 R3xd4 24. Qxa7 Rxc4 25. Rec1 Qxa7 26. Rxc4+ Qc7 27. Ra8+ Kb7 28. Ra7+ Kxa7 29. Rxc7+ Ka6 30. Rxf7 Rd5 31. f4 g5 32. Rf6 gxf4 33. gxf4 Rd4 34. Kf2 h5 35. Kg3 Kb5 36. Rxe6 Kc5 37. Rh6 b5 38. Rxh5 b4 39. e6+ Kd6 40. Re5 Ke7 41. f5 b3 42. Rb5 Rd3+ 43. Kg4 Kf6 44. h4 Rd4+ 45. Kg3 Rd3+ 46. Kf2 Rh3 47. Kg2 Rc3 48. h5 Rc2+ 49. Kf3 b2 50. Ke4 Rc5 51. Rxb2 Rxf5 52. Rh2 Re5+ 53. Kd4 Rxe6 54. h6 Re8 1/2-1/2

[Event "BCF-ch Seniors 65"]
[Site "Coventry"]
[Date "2015.07.27"]
[Round "1"]
[White "Fenwick, Hugh"]
[Black "Anderton, David William"]
[Result "1-0"]
[WhiteElo "1893"]
[BlackElo "2105"]
[PlyCount "87"]
[EventDate "2015.07.27"]
[EventType "swiss"]
[EventRounds "6"]
[EventCountry "ENG"]
[SourceTitle "CBM 167 Extra"]
[Source "ChessBase"]
[SourceDate "2015.09.14"]
[SourceVersion "1"]
[SourceVersionDate "2015.09.14"]
[SourceQuality "1"]

1. e4 e6 2. d4 d5 3. Nc3 Nf6 4. e5 Nfd7 5. Nf3 c5 6. dxc5 Nc6 7. Bf4 Bxc5 8. Bd3 f6 9. exf6 Nxf6 10. Qe2 0-0 11. 0-0-0 Bd7 12. h4 Bb4 13. Bd2 Qe7 14. Rde1 Rae8 15. a3 Ba5 16. Ne5 Nxe5 17. Qxe5 Bc6 18. h5 Bc7 19. Qg5 e5 20. Bf5 Bd7 21. Bxd7 Qxd7 22. h6 g6 23. f3 b5 24. Ne2 a5 25. Ng3 Rb8 26. Qh4 d4 27. Bg5 Rb6 28. Bxf6 Rfxf6 29. Ne4 Rfc6 30. Qh3 Qd8 31. g4 b4 32. axb4 axb4 33. g5 d3 34. Rh2 Rxc2+ 35. Rxc2 dxc2 36. f4 b3 37. Qc3 Qe7 38. Nf6+ Kf8 39. Nd5 Ra6 40. Nxe7 Ra1+ 41. Kd2 Ba5 42. Nxg6+ hxg6 43. Rxa1 Bxc3+ 44. Kxc3 1-0

[Event "BCF-chT1d 1415 (4NCL) Demotion pool"]
[Site "England"]
[Date "2015.05.02"]
[Round "9.176"]
[White "McClement, Andrew"]
[Black "Anderton, David William"]
[Result "1-0"]
[WhiteElo "2179"]
[BlackElo "2177"]
[PlyCount "93"]
[EventDate "2014.11.15"]
[EventType "team-tourn"]
[EventRounds "4"]
[EventCountry "ENG"]
[SourceTitle "EXT 2023"]
[Source "ChessBase"]
[SourceDate "2022.10.05"]
[SourceVersion "1"]
[SourceVersionDate "2022.10.05"]
[SourceQuality "1"]
[WhiteTeam "Cambridge"]
[BlackTeam "The ADS"]
[WhiteTeamCountry "ENG"]
[BlackTeamCountry "ENG"]

1. Nf3 f5 2. c4 Nf6 3. g3 g6 4. Bg2 Bg7 5. Nc3 d6 6. 0-0 0-0 7. d3 Nc6 8. Rb1 a5 9. a3 Nh5 10. Bd2 f4 11. b4 axb4 12. axb4 Bg4 13. Nd5 fxg3 14. hxg3 Qd7 15. b5 Nd4 16. Bg5 Rf7 17. Nxd4 Bxd4 18. Ne3 Bh3 19. Qd2 Raf8 20. Bh6 Nxg3 21. fxg3 Rxf1+ 22. Rxf1 Rxf1+ 23. Kxf1 Bxg2+ 24. Kxg2 Qe6 25. Nd5 c6 26. bxc6 bxc6 27. Nb4 Qf6 28. Qf4 Qxf4 29. Bxf4 c5 30. Nd5 Kf7 31. Kf3 Bg7 32. Bd2 e6 33. Nc7 Ke7 34. Bf4 Bf8 35. Nb5 Kd7 36. Kg4 h6 37. Nc3 Kc6 38. Ne4 d5 39. Nf6 Be7 40. Be5 dxc4 41. dxc4 Kb6 42. Ng8 h5+ 43. Kf4 g5+ 44. Ke4 Bf8 45. Nf6 Ka5 46. Nxh5 Kb4 47. Kd3 1-0

[Event "BCF-chT1a 1415 (4NCL)"]
[Site "England"]
[Date "2015.03.28"]
[Round "7.135"]
[White "Anderton, David William"]
[Black "Wadsworth, Matthew J"]
[Result "0-1"]
[WhiteElo "2172"]
[BlackElo "2064"]
[PlyCount "76"]
[EventDate "2014.11.15"]
[EventType "team-swiss"]
[EventRounds "11"]
[EventCountry "ENG"]
[SourceTitle "EXT 2016"]
[Source "ChessBase"]
[SourceDate "2015.10.08"]
[SourceVersion "1"]
[SourceVersionDate "2015.10.08"]
[SourceQuality "1"]
[WhiteTeam "The ADS"]
[BlackTeam "Guildford II"]
[WhiteTeamCountry "ENG"]
[BlackTeamCountry "ENG"]

1. d4 Nf6 2. c4 c5 3. d5 e6 4. Nc3 exd5 5. cxd5 d6 6. e4 g6 7. f4 Bg7 8. Bb5+ Nfd7 9. a4 Qh4+ 10. g3 Qe7 11. Nf3 0-0 12. 0-0 Na6 13. Re1 Nb4 14. Bf1 b6 15. h3 Bb7 16. Be3 a6 17. Bf2 Rae8 18. g4 Nf6 19. Bh4 Qd7 20. Nd2 Qc7 21. Nc4 Nd7 22. Qd2 f5 23. exf5 Bd4+ 24. Kh2 Nxd5 25. Nxd5 Bxd5 26. Be7 Ne5 27. fxe5 Qxe7 28. exd6 Qd7 29. Qf4 Rxe1 30. Rxe1 Qxa4 31. Ne3 Bf7 32. Bg2 Re8 33. Kh1 Qa5 34. Re2 Qa1+ 35. Qf1 Qxf1+ 36. Bxf1 Rxe3 37. d7 Bd5+ 38. Bg2 Rxh3# 0-1

[Event "BCF-chT1a 1415 (4NCL)"]
[Site "England"]
[Date "2014.11.16"]
[Round "2.136"]
[White "Anderton, David William"]
[Black "Page, Mark"]
[Result "1/2-1/2"]
[WhiteElo "2171"]
[BlackElo "2075"]
[PlyCount "53"]
[EventDate "2014.11.15"]
[EventType "team-swiss"]
[EventRounds "11"]
[EventCountry "ENG"]
[SourceTitle "EXT 2015"]
[Source "ChessBase"]
[SourceDate "2014.11.20"]
[SourceVersion "1"]
[SourceVersionDate "2014.11.20"]
[SourceQuality "1"]
[WhiteTeam "The ADS"]
[BlackTeam "Warwicks Select"]
[WhiteTeamCountry "ENG"]
[BlackTeamCountry "ENG"]

1. d4 Nf6 2. c4 g6 3. g3 Bg7 4. Bg2 d6 5. Nf3 0-0 6. Nc3 Nc6 7. 0-0 a6 8. h3 Rb8 9. e4 b5 10. cxb5 axb5 11. Re1 e5 12. d5 b4 13. Nb1 Na5 14. b3 Bd7 15. Bb2 c5 16. dxc6 Bxc6 17. Nbd2 Qb6 18. Rc1 Bb5 19. Qc2 Nd7 20. Bf1 Bxf1 21. Rxf1 Qa6 22. Rfd1 Rbc8 23. Qb1 Rxc1 24. Rxc1 Rc8 25. Rxc8+ Qxc8 26. Qd3 Qc5 27. Kg2 1/2-1/2

[Event "BCF-chT2b 1314 (4NCL)"]
[Site "England"]
[Date "2014.02.15"]
[Round "5.86"]
[White "Bak, Andrew"]
[Black "Anderton, David William"]
[Result "0-1"]
[WhiteElo "2061"]
[BlackElo "2187"]
[PlyCount "164"]
[EventDate "2013.11.16"]
[EventType "team-swiss"]
[EventRounds "11"]
[EventCountry "ENG"]
[SourceTitle "EXT 2015"]
[Source "ChessBase"]
[SourceDate "2014.11.20"]
[SourceVersion "1"]
[SourceVersionDate "2014.11.20"]
[SourceQuality "1"]
[WhiteTeam "Bradford DCA Knights"]
[BlackTeam "The ADS"]
[WhiteTeamCountry "ENG"]
[BlackTeamCountry "ENG"]

1. e4 e6 2. d4 d5 3. Nc3 Nf6 4. e5 Nfd7 5. f4 c5 6. Nf3 Nc6 7. Be3 a6 8. Qd2 b5 9. dxc5 Bxc5 10. Nd4 Qb6 11. Nce2 b4 12. Kf2 Ncxe5 13. fxe5 Nxe5 14. c3 Ng4+ 15. Kf3 e5 16. cxb4 Qf6+ 17. Bf4 Bxd4 18. Nxd4 exd4 19. Kg3 0-0 20. Be2 Ne3 21. Bxe3 dxe3 22. Qxe3 Qxb2 23. Rhb1 Qf6 24. Rd1 Be6 25. Bf3 Rac8 26. Rd4 Rc2 27. h3 Rfc8 28. a4 R8c3 29. Qf4 Qxf4+ 30. Kxf4 f6 31. Rad1 g5+ 32. Kg3 h5 33. R1d3 h4+ 34. Kh2 Rxd3 35. Rxd3 Rb2 36. Bxd5 Bxd5 37. Rxd5 Rxb4 38. Ra5 Rb6 39. Kg1 Kf7 40. Kf2 Re6 41. Kf3 Kg6 42. Rc5 Re5 43. Rc6 a5 44. Rc4 Kf5 45. Rc6 Rd5 46. Ke3 Ke5 47. Kf3 f5 48. Ke3 f4+ 49. Kf3 Kf5 50. Rc8 Rd3+ 51. Ke2 Re3+ 52. Kf2 Re5 53. Kf3 Re3+ 54. Kf2 Re4 55. Rc5+ Re5 56. Rc4 g4 57. hxg4+ Kxg4 58. Rc8 Re4 59. Rg8+ Kf5 60. Rh8 Rxa4 61. Rxh4 Ra2+ 62. Kf3 Ra3+ 63. Kf2 Ke4 64. Rh8 Ra2+ 65. Kf1 Rb2 66. Ra8 Rb5 67. Kf2 Rd5 68. Ra7 Rd2+ 69. Kf1 Ra2 70. Re7+ Kd3 71. Rf7 Ra4 72. g3 fxg3 73. Rf3+ Kd2 74. Rxg3 Rf4+ 75. Kg2 a4 76. Rg8 Kc3 77. Kg3 Rb4 78. Rf8 a3 79. Rf3+ Kb2 80. Rf2+ Kb3 81. Rf3+ Ka4 82. Rf2 Rc4 0-1

[Event "BCF-chT2b 1314 (4NCL)"]
[Site "England"]
[Date "2013.11.16"]
[Round "1.66"]
[White "Bowmer, Kevin"]
[Black "Anderton, David William"]
[Result "1/2-1/2"]
[WhiteElo "2079"]
[BlackElo "2180"]
[PlyCount "190"]
[EventDate "2013.11.16"]
[EventType "team-swiss"]
[EventRounds "11"]
[EventCountry "ENG"]
[SourceTitle "CBM 157 Extra"]
[Source "ChessBase"]
[SourceDate "2013.12.19"]
[SourceVersion "1"]
[SourceVersionDate "2013.12.19"]
[SourceQuality "1"]
[WhiteTeam "Hackney"]
[BlackTeam "The ADS"]
[WhiteTeamCountry "ENG"]
[BlackTeamCountry "ENG"]

1. e4 e6 2. d4 d5 3. Nd2 Nc6 4. Ngf3 Nf6 5. e5 Nd7 6. Be2 f6 7. exf6 Qxf6 8. Nf1 Bd6 9. Ne3 0-0 10. 0-0 Qg6 11. c4 Nf6 12. c5 Be7 13. Bb5 Bd7 14. Bxc6 Bxc6 15. Ne5 Qe8 16. N3g4 Bb5 17. Re1 a5 18. a4 Ba6 19. Nxf6+ Bxf6 20. Qg4 Qe7 21. Bd2 b6 22. b4 axb4 23. Bxb4 Bxe5 24. Rxe5 Rf6 25. g3 Qf7 26. f4 Bd3 27. Qd1 Be4 28. Qc1 Qd7 29. c6 Qe8 30. Qc3 Rf5 31. a5 bxa5 32. Rxa5 Rxa5 33. Bxa5 Rxe5 34. dxe5 Qh5 35. Qb3 h6 36. Be1 Qe2 37. Bf2 Bd3 38. Kg2 Qf1+ 39. Kf3 Qh1+ 40. Ke3 Qe4+ 41. Kd2 Qe2+ 42. Kc3 Bb5 43. Ba7 Qd3+ 44. Kb4 Qxb3+ 45. Kxb3 Bxc6 46. Bb8 Kf7 47. Kc3 Kg6 48. Bxc7 Kf5 49. Kd4 Kg4 50. Ba5 Be8 51. Be1 Bg6 52. Ke3 Kh3 53. Bc3 Bf5 54. Kf2 Kxh2 55. Bd4 Kh3 56. Bc5 g6 57. Bd4 Kg4 58. Bc5 h5 59. Be7 d4 60. Bc5 d3 61. Be3 Be4 62. Bd2 Bf3 63. Bc1 Be2 64. Bd2 Kf5 65. Ke3 g5 66. fxg5 Kxe5 67. Bc3+ Kf5 68. Bf6 e5 69. Be7 e4 70. Bf6 Bf3 71. Be7 Ke6 72. Bd8 Kf5 73. Be7 Kg6 74. Bd8 Bg4 75. Bc7 Bf5 76. Bf4 Kf7 77. Kd4 Ke6 78. Bd2 Bg6 79. Ke3 Kd5 80. Ba5 Kc4 81. Be1 Kb3 82. Bd2 Kc2 83. Ba5 Kb3 84. Be1 Kc4 85. Ba5 Kd5 86. Bc3 Ke6 87. Kf4 Bh7 88. Bd2 Kd5 89. Bc1 Kd4 90. Bb2+ Kc4 91. Ke3 Kb3 92. Bc1 Kc2 93. Bd2 Bg6 94. Be1 Kd1 95. Bb4 Kc2 1/2-1/2

[Event "BCF-ch Senior"]
[Site "Torquay"]
[Date "2013.08.06"]
[Round "4.68"]
[White "Anderton, David William"]
[Black "Campbell, Ian"]
[Result "1-0"]
[WhiteElo "2172"]
[BlackElo "2009"]
[PlyCount "63"]
[EventDate "2013.08.03"]
[EventType "swiss"]
[EventRounds "7"]
[EventCountry "ENG"]
[SourceTitle "EXT 2023"]
[Source "ChessBase"]
[SourceDate "2022.10.05"]
[SourceVersion "1"]
[SourceVersionDate "2022.10.05"]
[SourceQuality "1"]

1. d4 g6 2. c4 Bg7 3. Nf3 d6 4. g3 Nf6 5. Bg2 0-0 6. Nc3 Nbd7 7. 0-0 e5 8. e4 c6 9. h3 Re8 10. Be3 Qa5 11. d5 Qc7 12. Rc1 c5 13. Ne1 a6 14. Nd3 Rb8 15. a4 Nh5 16. Kh2 Nf8 17. g4 Nf6 18. f4 exf4 19. Bxf4 N6d7 20. Rc2 Ne5 21. Nxe5 Bxe5 22. Bxe5 Rxe5 23. Rcf2 Re7 24. e5 Rxe5 25. Rxf7 Qxf7 26. Rxf7 Kxf7 27. Ne4 Ke7 28. Qd2 Bd7 29. Qh6 Rxe4 30. Qg7+ Ke8 31. Bxe4 Rd8 32. a5 1-0

[Event "BCF-ch Senior"]
[Site "Torquay"]
[Date "2013.08.03"]
[Round "1.61"]
[White "Morton, Peter S"]
[Black "Anderton, David William"]
[Result "1/2-1/2"]
[WhiteElo "1981"]
[BlackElo "2172"]
[PlyCount "43"]
[EventDate "2013.08.03"]
[EventType "swiss"]
[EventRounds "7"]
[EventCountry "ENG"]
[SourceTitle "EXT 2023"]
[Source "ChessBase"]
[SourceDate "2022.10.05"]
[SourceVersion "1"]
[SourceVersionDate "2022.10.05"]
[SourceQuality "1"]

1. e4 e6 2. d4 d5 3. exd5 exd5 4. Bf4 Nf6 5. Nf3 Bg4 6. Be2 Nc6 7. c3 Be7 8. h3 Bh5 9. Nbd2 0-0 10. 0-0 Re8 11. Re1 Bd6 12. Bxd6 Qxd6 13. Nf1 Bg6 14. Ng3 Ne4 15. Nxe4 Bxe4 16. Nd2 Bf5 17. Nf1 Re7 18. Ng3 Bg6 19. Qd2 Rae8 20. Bg4 Rxe1+ 21. Rxe1 Rxe1+ 22. Qxe1 1/2-1/2